000 00407nam a2200133Ia 4500
005 20260326100030.0
008 260326s9999||||xx |||||||||||||| ||und||
100 _aSmith W., Alan
245 0 _aCenterario de Panamá 1903-2003 :
_b Apuntes sobre Planificación y Desarrollo en los ultimos 50 Años /
_cAlan Smith W.
260 _bUniversal Books
300 _a221 p.
650 _aLATINOAMÉRICA
942 _cBK
999 _c6571
_d6571